Historia económica y social del mundo contemporáneo (Registro nro. 500)
[ vista simple ]
| 000 -LEADER | |
|---|---|
| fixed length control field | 01519 a2200229 4500 |
| 001 - CONTROL NUMBER | |
| control field | 12734 |
| 005 - DATE AND TIME OF LATEST TRANSACTION | |
| control field | 20260407155440.0 |
| 008 - FIXED-LENGTH DATA ELEMENTS--GENERAL INFORMATION | |
| fixed length control field | 260407a2008 arg spa d |
| 003 - CONTROL NUMBER IDENTIFIER | |
| control field | AR-UNSa-BCEJYS |
| 040 ## - CATALOGING SOURCE | |
| Original cataloging agency | AR-UNSa-BCEJYS |
| Language of cataloging | spa |
| Transcribing agency | AR-UNSa-BCEJYS |
| 080 ## - UNIVERSAL DECIMAL CLASSIFICATION NUMBER | |
| Universal Decimal Classification number | 94:33 |
| Common auxiliary subdivision | Historia económica |
| 020 ## - INTERNATIONAL STANDARD BOOK NUMBER | |
| International Standard Book Number | 978-987-01-0806-1 |
| 100 1# - MAIN ENTRY--PERSONAL NAME | |
| Personal name | Monserrat Llairó, María de |
| 245 10 - TITLE STATEMENT | |
| Title | Historia económica y social del mundo contemporáneo |
| Name of part/section of a work | ejes para su comprensión |
| 264 #1 - PRODUCTION, PUBLICATION, DISTRIBUTION, MANUFACTURE, AND COPYRIGHT NOTICE | |
| Place of production, publication, distribution, manufacture | Buenos Aires : |
| Name of producer, publisher, distributor, manufacturer | Errepar |
| Date of production, publication, distribution, manufacture, or copyright notice | 2008 |
| 300 ## - PHYSICAL DESCRIPTION | |
| Extent | xii, 193 p. |
| Dimensions | 27 cm. |
| 505 ## - FORMATTED CONTENTS NOTE | |
| Formatted contents note | 1. Una introducción al mundo contemporáneo - 2. La revolución industrial en Inglaterra - 3. Cambios sociales y políticos y avances del capitalismo industrial - 4. La segunda revolución industrial - 5. Los Estados Unidos de América: surgimiento de una nación industrial - 6. Europa entre las dos guerras - 7. Del imperio de los zares a la revolución rusa. Construcción y derrumbe de la Unión Soviética - 8. Estados Unidos y la crisis de 1929 - 9. El mundo al término de la segunda guerra mundial: de los años de oro a la "estanflación" - 10. La guerra fría - 11. La crisis del petróleo - 12. La globalización financiera y el nuevo orden mundial - 13. Procesos de integración económica regional |
| 590 ## - LOCAL NOTE (RLIN) | |
| Local note | niveau_biblio:m niveau_hierar:0 |
| 700 1# - ADDED ENTRY--PERSONAL NAME | |
| Personal name | Díaz, Marcela V. |
| 856 41 - ELECTRONIC LOCATION AND ACCESS | |
| Uniform Resource Identifier | <a href="https://biblioeco.unsa.edu.ar/pmb/images/libros/Historia economica y social del mundo contemporaneo-l118596.jpg">https://biblioeco.unsa.edu.ar/pmb/images/libros/Historia economica y social del mundo contemporaneo-l118596.jpg</a> |
| Link text | Imagen de portada |
| Electronic format type | image/jpeg |
| 942 ## - ADDED ENTRY ELEMENTS (KOHA) | |
| Koha item type | |
| Withdrawn status | Lost status | Damaged status | Not for loan | Home library | Current library | Shelving location | Date acquired | Total checkouts | Full call number | Barcode | Date last seen | Price effective from | Koha item type |
|---|---|---|---|---|---|---|---|---|---|---|---|---|---|
| Biblioteca Prof. Eusebio Cleto del Rey | Biblioteca Prof. Eusebio Cleto del Rey | 07/04/2026 | 94:33 M754 | L118596 | 07/04/2026 | 07/04/2026 | Libro |